书目信息 |
| 题名: |
英语习惯搭配词典
|
|
| 作者: | 李佐文 , 王德春 编著 | |
| 分册: | ||
| 出版信息: | 北京 北京科学技术出版社 2005.01 |
|
| 页数: | 595页 | |
| 开本: | 21cm | |
| 丛书名: | ||
| 单 册: | ||
| 中图分类: | H314 | |
| 科图分类: | ||
| 主题词: | 英语--词法 | |
| 电子资源: | ||
| ISBN: | 7-5304-3041-6 | |
| 000 | 00876nam0 2200229 450 | |
| 001 | 0137439671 | |
| 005 | 20050923101408.57 | |
| 010 | @a7-5304-3041-6@b精装@dCNY36.00 | |
| 100 | @a20050322d2005 km y0chiy0120 ea | |
| 101 | 0 | @achi@aeng |
| 102 | @aCN@b110000 | |
| 105 | @ay e 000yy | |
| 200 | 1 | @a英语习惯搭配词典@Aying yu xi guan da pei ci dian@f李佐文, 王德春编著@Fli zuo wen,wang de chun bian zhu |
| 210 | @a北京@c北京科学技术出版社@d2005.01 | |
| 215 | @a595页@d21cm | |
| 330 | @a本书主要介绍英语文化中常见的习惯搭配以及中、英文的对照。全书汇集了5300多常用的习惯搭配词目,每个词目都建立了简明的词条,对习惯搭配进行解释,词条结构除了词目外,还包括注音、汉语解释、修辞标志和例证。 | |
| 606 | 0 | @a英语@x词法 |
| 690 | @aH314@v4 | |
| 701 | 0 | @a李佐文@Ali zuo wen@4编著 |
| 701 | 0 | @a王德春@Awang de chun@4编著 |
| 801 | 0 | @aCN@bQSSK@c20050923 |
| 905 | @a10447@dH314@eL347 | |
| 英语习惯搭配词典/李佐文, 王德春编著.-北京:北京科学技术出版社,2005.01 |
| 595页;21cm |
| ISBN 7-5304-3041-6(精装):CNY36.00 |
| 本书主要介绍英语文化中常见的习惯搭配以及中、英文的对照。全书汇集了5300多常用的习惯搭配词目,每个词目都建立了简明的词条,对习惯搭配进行解释,词条结构除了词目外,还包括注音、汉语解释、修辞标志和例证。 |
| ● |
| 相关链接 |
|
|
|
正题名:英语习惯搭配词典
索取号:H314/L347
 
预约/预借
| 序号 | 登录号 | 条形码 | 馆藏地/架位号 | 状态 | 备注 |
| 1 | 527748 | 205277485 | 语言库209/209语言库 4排2列3层/ [索取号:H314/L347] | 在馆 | |
| 2 | 527749 | 205277494 | 语言库209/209语言库 4排2列3层/ [索取号:H314/L347] | 在馆 | |
| 3 | 527750 | 205277500 | 语言库209/209语言库 4排2列3层/ [索取号:H314/L347] | 在馆 |